000 00537nam a2200193 i 4500
001 bgj
245 1 0 _aFacsimile Querschnitt durch die Fliegenden Blätter /
_ceingeleitet von Erich Pfeiffer-Belli ; hrsg. von Eva Zahn.
260 _a[München] :
_bScherz,
_c[1966].
300 _a207 s. :
_bil. ;
_c31 cm.
650 9 _aNauki społeczne
700 1 _aBELLI-PFEIFFER, Erich.
700 1 _aZAHN, Eva.
040 _cBPK
041 0 _ager
044 _aDEU
080 _a3
942 _cKS
008 s gw f |000 0 ger
999 _c49994
_d49994
856 _uhttp://koha.tu.koszalin.pl/cgi-bin/koha/opac-detail.pl?biblionumber=49994
_yKatalog online BPK